Statistics for Where did these Premier League stars sign from

Click here to take the quiz!

General Stats

  • This quiz has been taken 29 times
  • The average score is 11 of 15

Answer Stats

HintAnswer% Correct
Luis SuarezAjax
96%
Sergio AgueroAtletico Madrid
96%
Pierre-Emerick AubameyangBorussia Dortmund
96%
Bastian SchweinsteigerBayern Munich
93%
Angel Di MariaReal Madrid
93%
Mo SalahRoma
89%
Cristiano RonaldoSporting Lisbon
89%
Andriy ShevchenkoAC Milan
82%
David SilvaValencia
79%
DecoPorto
75%
Didier DrogbaMarseille
71%
Thierry HenryJuventus
57%
Eric CantonaLeeds
43%
Denis BergkampInter Milan
39%
Peter SchmeichelBrondby
14%

Score Distribution

Percentile by Number Answered

Percent of People with Each Score

Your Score History

You have not taken this quiz